Minefield Map: 6-Letter Capitals Quiz Stats

 Plays Quiz Updated May 4, 2020

Support Sporcle.
Go Orange.
Score 0/45 Timer 04:00
5 Plays Today
% Correct
???
52.1%
???
52%
???
51.9%
???
51.8%
???
51.3%
???
51.2%
???
51.1%
???
50.6%
???
50.1%
???
49.8%
???
48.6%
???
48.5%
???
47.1%
???
46.9%
???
46.9%
???
46.7%
???
45.8%
???
45.2%
???
43.1%
???
42.6%
???
42%
???
39.4%
???
36.6%
% Correct
???
36.1%
???
36%
???
28.5%
???
28.3%
???
25.8%
???
25.7%
???
24%
???
23.4%
???
22.4%
???
22.1%
???
21.8%
???
21.6%
???
20.3%
???
19.8%
???
19.7%
???
19.2%
???
17.6%
???
16.9%
???
16.8%
???
14.3%
???
12.6%
???
10.5%

You're not logged in!

Compare scores with friends on all Sporcle quizzes.
OR
Log In

From the Vault

Is That Really an Instrument?

by naqwerty3

I once played an entire Phil Collins drum solo on my stomach, but I wouldn't call it an instrument.
Remove Ads.
Support Sporcle.
Get the best of Sporcle when you Go Orange. This ad-free experience offers more features, more stats, and more fun while also helping to support Sporcle. Thank you for becoming a member.

Show Comments

Extras

Top Quizzes Today


Score Distribution

Your Account Isn't Verified!

In order to create a playlist on Sporcle, you need to verify the email address you used during registration. Go to your Sporcle Settings to finish the process.

Report this User

Report this user for behavior that violates our Community Guidelines.

Details: